Model under cover : dressed to kill
| Main Author: | |
|---|---|
| Format: | Book |
| Published: |
London :
Usborne Publishing Ltd ,
2016
|
| Subjects: |
MARC
| LEADER | 00000cam a2200000 7i4500 | ||
|---|---|---|---|
| 001 | 0000208607 | ||
| 005 | 20161207.0 | ||
| 020 | |a 9781474906913 | ||
| 090 | 0 | 0 | |a F |b AXE |
| 100 | 1 | |a Axelsson, Carina | |
| 245 | 1 | 0 | |a Model under cover : |b dressed to kill |c Carina Axelsson |
| 260 | |a London : |b Usborne Publishing Ltd , |c 2016 | ||
| 300 | |a 344p. ; |c 20cm. | ||
| 650 | 0 | 0 | |a Fiction |
| 999 | |a 00336560 |b BUKU |c PINJAMAN |e PERPUSTAKAAN KOMUNITI PETALING JAYA | ||